000 00412nam a2200181Ia 4500
005 20250423095015.0
008 250422s9999 xx 000 0 und d
020 _a978-0-7679-2125-1
050 _aPS3569.T6219D45
100 _aPenelope J. Stokes
245 0 _aDelta Belles
260 _aNew York
260 _bBroadway Books
260 _c2006
300 _a360 p
650 _aLiterature
942 _cBK
999 _c28955
_d28955